LEADER 01054nam a2200265 i 4500 001 000000096365 003 CaOOAMICUS 005 20230118093910.0 008 060523s1951 it u000 u mul u 013 $a68607 040 $aSeMil$bita 245 10$a2. 250 $aEd. di 2000 esemplari. 300 $aP. 108-172. 490 0 $aIl melagrano : scritti rari e rappresentativi di poesia e pensiero in versioni d'arte con testo a fronte ;$v93.-94 500 $aTesto greco a fronte. - Fondo Ciprandi. 650 4$aBibbia. Nuovo Testamento. Apocrifi - Commentari, studi, critica e interpretazioni.$0(OLS)http://semarc/subject/2408 650 4$aBibbia - Vangeli - Detti extracanonici.$0(OLS)http://semarc/subject/12641 773 0 $tLogia agrapha.$dFirenze : Fussi : Sansoni, 1951.$kMelagrano$g2$w()15754 850 $aSeMil 852 $aSeMil$W1$xVenegono$y1$m2W IV 214$j56089$B56089$CSeMilBibl$Z2$F63966 $81 941 1 $a1 961 $aOmaggio: Ciprandi dott. Paolo 996 $6245$a2$9(OLS)http://semarc/title/46889 LEADER 01309nam a2200301 i 4500 001 000000079796 003 CaOOAMICUS 005 20220519155706.0 008 170512s1983 it u000 u ita u 013 $a52034 020 $a88-17-12448-6 040 $aSeMil$bita 245 12$aL'Apocalisse di Giovanni /$ccon le xilografie di Albrecht Dürer ; a cura di Alfred Wikenhauser. 260 $aMilano :$bBiblioteca Universale Rizzoli,$c1983. 300 $a372 p. :$bill. ;$c18 cm. 490 0 $aBUR. L ;$v448 500 $aTesto greco a fronte. 650 4$aBibbia. Nuovo Testamento. Apocalisse - Commentari, studi, critica, interpretazioni.$0(OLS)http://semarc/subject/1763 700 1 $aWikenhauser, Alfred,$d<1883-1960>.$0(OLS)http://semarc/name/119 700 1 $aDürer, Albrecht <1471-1528>.$0(OLS)http://semarc/name/48167 830 0$aBUR ;$v448.$0(OLS)http://semarc/title/440060 850 $aSeMil 852 $aSeMil$W1$xVenegono$y1$m2W I 160$j45426$B45426$CSeMilBibl$Z2$F47393 $81 961 $aLascito: Coronelli don Renato 996 $6020$a88-17-12448-6$9(OLS)http://semarc/number/270616 996 $6245$aL'Apocalisse di Giovanni$9(OLS)http://semarc/title/166406 996 $6260$aMilano :$bBiblioteca Universale Rizzoli$9(OLS)http://semarc/publisher/31907